Statistics for Ultimate Oceania Flags Quiz

Click here to take the quiz!

General Stats

  • This quiz has been taken 16 times
  • The average score is 35 of 185

Answer Stats

Answer% Correct
Australia
75%
Fiji
75%
New Zealand
75%
Palau
75%
Papua New Guinea
75%
Samoa
75%
Solomon Islands
75%
Tonga
75%
Tuvalu
75%
Federated States of Micronesia
67%
Kiribati
67%
Marshall Islands
67%
Nauru
67%
Niue
67%
Norfolk Island
67%
Vanuatu
67%
American Samoa
58%
Christmas Island
58%
Cocos (Keeling) Islands
58%
Cook Islands
58%
French Polynesia
58%
Guam
58%
Hawaii
58%
New Caledonia
58%
Northern Mariana Islands
58%
Pitcairn Islands
58%
Tokelau
58%
Wake Island
58%
Wallis and Futuna
58%
Johnston Atoll
50%
Bougainville
42%
Easter Island (Rapa Nui)
42%
Tasmania
42%
Western Australia
42%
Aboriginal Australians
33%
Australian Capital Territory
33%
Chuuk
33%
Midway Atoll/Islands
33%
New South Wales
33%
Northern Territory
33%
Palmyra Atoll
33%
Queensland
33%
Ross Dependency
33%
South Australia
33%
Victoria
33%
Yap
33%
Chatham Islands
25%
Howland Island
25%
Kingman Reef
25%
Kosrae
25%
Lord Howe Island
25%
Pacific Community
25%
Pohnpei
25%
Tino Rangatiratanga (National Maori Flag)
25%
Torres Strait Islanders
25%
Adelaide
17%
Auckland
17%
Brisbane
17%
Hao
17%
Hobart
17%
Melbourne
17%
Otago
17%
Pacific Islands Forum
17%
Perth
17%
Raivavae
17%
Reao Pukaruha
17%
Rimatara
17%
Rurutu
17%
Sydney
17%
Tubuai
17%
Wellington
17%
Aeterna Lucina
8%
Alo
8%
Anangu Pitjantjatjara Yankunytjatjara
8%
Atlantium
8%
Australian Air Chief Marshall
8%
Australian Border Force
8%
Australian Red Ensign
8%
Austral Islands
8%
Bikini Atoll
8%
Bora Bora
8%
Boxing Kangaroo
8%
Bumbunga
8%
Civil Ensign of Fiji
8%
Customs Ensign of Fiji
8%
Dominion of Westralia
8%
Eastern Highlands
8%
East Sepik
8%
Flag Society of Australia
8%
Gambier Islands
8%
Governor-General of Australia
8%
Governor-General of New Zealand
8%
Governor-General of Papua New Guinea
8%
Governor of New South Wales
8%
Governor of Queensland
8%
Governor of South Australia
8%
Governor of Tasmania
8%
Governor of Victoria
8%
Governor of Western Australia
8%
Howland/Baker/Jarvis Island
8%
Hutt River
8%
Jervis Bay Territory
8%
Kingdom of Bau
8%
Leeward Islands/Society Islands
8%
Lower Murray River
8%
Loyalty Islands
8%
Marquesas Islands
8%
Murrawarri
8%
National Capital District
8%
Nauru Pacific Line
8%
Naval Ensign of Fiji
8%
Naval Ensign of Papua New Guinea
8%
Naval Ensign of Vanuatu
8%
New England
8%
New Ireland
8%
North Province
8%
North Queensland
8%
Oro
8%
President of Fiji
8%
President of Vanuatu
8%
Royal Australian Air Force Ensign
8%
Sandaun
8%
Sigave
8%
South Province
8%
South Sea Islanders
8%
Tonga Defense Services
8%
Tuamotu Archipelago
8%
Upper Murray River
8%
Uvea
8%
Western Highlands
8%
Aṉangu
0%
Adnyamathanha
0%
Anglican Church of Australia
0%
Australian Chief of Navy
0%
Australian Civil Air Ensign
0%
Australian White Ensign
0%
Central Province
0%
Chimbu
0%
Civil Air Ensign of Fiji
0%
East New Britain
0%
Enga
0%
Gilbert and Ellice Islands
0%
Government Ensign of Fiji
0%
Grand Orange Lodge of Australia
0%
Gulf Province
0%
Hela
0%
Huahine
0%
Jiwaka
0%
Kanaka Maoli
0%
Kingdom of Abemama
0%
Kingdom of Lau
0%
King's Representative in the Cook Islands
0%
Larrakia People
0%
Launceston
0%
Madang
0%
Makatea
0%
Malampa Province
0%
Manus
0%
Meriam/Murray Island
0%
Milne Bay
0%
Moorea-Maiao
0%
Morobe
0%
Naval Ensign of Tonga
0%
New Caledonia Sports Team
0%
Ngarrindjeri
0%
Penama Province
0%
Raiatea
0%
Rapa Iti
0%
Royal New Zealand Air Force
0%
Royal Standard of Tonga
0%
Saibai Island
0%
Sanma Province
0%
Shefa Province
0%
Southern Highlands
0%
Tafea Nation
0%
Tafea Province
0%
Tahiti
0%
Tanma
0%
Tongatapu
0%
Torba Province
0%
Tunuvivi
0%
United Tribes of New Zealand
0%
Unrepresented Nations and Peoples Organization
0%
Western Province
0%
West New Britain
0%

Score Distribution

Percentile by Number Answered

Percent of People with Each Score

Your Score History

You have not taken this quiz